La ciudad inventada : montevideo en la escritura poetica y en las letras de canciones en los siglos /
Guardado en:
| Autor Principal: | |
|---|---|
| Formato: | Libro |
| Publicado: |
Montevideo :
Academia Nacional De Las Artes,
1997
|
| Materias: | |
| Etiquetas: |
Agregar Etiqueta
Sin Etiquetas, Sea el primero en etiquetar este registro!
|
| LEADER | 00626nam a22001695a 4500 | ||
|---|---|---|---|
| 001 | EHU.bham024429 | ||
| 003 | AR-BHAM | ||
| 005 | 20130507144019.0 | ||
| 008 | 130507s1997##################000#0#####d | ||
| 082 | U | 8 | |a 861.3 |
| 100 | 1 | |a Ciancio, Gerardo | |
| 245 | 1 | 0 | |a La ciudad inventada : |b montevideo en la escritura poetica y en las letras de canciones en los siglos / |c Gerardo Ciancio |
| 260 | |a Montevideo : |b Academia Nacional De Las Artes, |c 1997 | ||
| 300 | |a 170 p. | ||
| 500 | |a 1er. Premio Concurso "poemas Y Letras...", 1996 | ||
| 653 | |a Poesia uruguaya-1519-1826 | ||
| 859 | |a AR-BHAM |b BIB. HUMANIDADES - General |h U861.3 |i C341 |k U |p 186.02 |t Ej.1 | ||
